| 000 | 00738nam a2200241 a 4500 | ||
|---|---|---|---|
| 001 | 51739 | ||
| 003 | BD-RjUL | ||
| 005 | 20211209075715.0 | ||
| 008 | 160901s19611957nyu 001 0 eng d | ||
| 035 | _a(BD-RjUL) 51859 | ||
| 040 |
_aBD-RjUL _beng _cBD-RjUL _dBD-RjUL |
||
| 041 | _aeng | ||
| 082 |
_223 _a005.1 _bMCD 1961 |
||
| 100 | 1 |
_aMcCracken,D.D. _9154712 |
|
| 245 | 1 | 0 |
_aDigital computer programming / _cD.D. McCracken |
| 260 |
_aLondon : _bJohn Wiley & Sons, _cc1957 [Printting 1961] |
||
| 300 |
_avii, 253 p. : _bill. ; _c24 cm. |
||
| 490 | 1 | _aGeneral Electric series. | |
| 504 | _aBibliography: p.247-248 and index. | ||
| 650 | 0 |
_aComputer programming _9138757 |
|
| 830 | 0 |
_aGeneral Electric series. _9154713 |
|
| 942 |
_2ddc _cBK |
||
| 999 |
_c51739 _d51739 |
||